000 01152nam a22003857a 4500
001 0044060
003 KOHA_MİRAKIL
005 20260207003412.0
007 ta
008 130730b2008 tu |||gr||||#0|||1|tur |
020 _a9789754376913
040 _aTR-BiSEU
_btur
_cTR-BiSEU
_erda
041 0 _atur
044 _ctu
050 _aPL245.P45
_bY39 2008
100 1 _aPekşen, Ahmet Mahir.
245 1 _aYaz elması :
_b67'de on yaşında olmak/
_cAhmet Mahir Pekşen ; Ahmet Mahir Pekşen.
264 1 _aİstanbul :
_bÖtüken Neşriyat
_c2008
300 _a219 sayfa ;
_c18 cm.
336 _ametin
_btxt
_2rdacontent
337 _aaracısız
_bn
_2rdamedia
338 _acilt
_bnc
_2rdacarrier
490 1 _aÖtüken Neşriyat ;
_vno.
490 1 _a736.
490 1 _aEdebi Eserler ;
_v324
650 0 _aTürk hikayeleri.
_99703
650 0 _aÖyküler (Hikayeler), Türkler.
_982131
650 0 _aTurkish stories.
_924136
650 0 _aShort Stories, Turks.
_982132
830 1 _aÖtüken Neşriyat ;
_vno.
_911308
830 1 _a736.
_982133
830 1 _aEdebi Eserler ;
_v324
_915677
907 _aHikaye
942 _2lcc
_cBK
999 _c43864
_d43864